000 00573nam a2200229Ia 4500
003 OSt
005 20250416151213.0
008 241129s9999||||xx |||||||||||||| ||und||
020 _a9781509845323
040 _aSDCL
_beng
_cSDCL
041 _aeng
_2eng
084 _aS1 R3 LR
_qSDCL
100 _aDonaldson, Julia
_9729506
245 4 _aGruffalo
260 _aLondon :
_bMacmillan Children Books,
_c2023.
300 _a15p.
365 _aINR
_b799
650 _aReference
700 _aScheffler, Axel
_9752361
942 _cGB
_2CC
_n0
999 _c1233967
_d1233967